01053nam a2200325Ia 4500001000700000003000500007008004100012010001100053020001800064040000900082082001900091100003000110245010500140250001100245260006400256300001600320503001800336504003700354650005200391650003000443700003900473700003600512901001900548902000600567910000900573942000600582942000700588999001900595952011300614Z_6387CHAP220113s1995 xx 000 0 und d a169643 a0-13-174484-4 cCHAP a633.2 H65 1995 aHolechek, Jerry L.955923 aRange management : principles and practices /cJerry L. Holechek, Rex D. Pieper y Carlton H. Herbel a2a ed. aEstados Unidos de América :bPearson Pretice Hall,c1995 avxi, 526 p. aej.1: 0180743 aIncluye bibliografá e índice aPastizalesxEstados Unidos de América9138009 aPastizalesxManejo985944 a Herbel, Carlton H, coaut.9143110 aPieper, Rex D., coaut. 9143111 a633.2 H65 1995 aM a1995 c1 cc1 c169643d169643 00102ddc40708GRALaZbZc1d2013-10-14l3pz_6148r2025-02-17 18:50:58s2025-02-17t1w2022-01-18yLIBRO